000 00955nam a2200265 i 4500
003 vecauma
005 20260410145736.0
007 ta
008 260410s1973 ve |||||r|||| 00| 0 spa d
040 _avecauma
_bspa
_cvecauma
_dvecauma
_erda
041 0 _aspa
099 _fFOLLETO 0398
100 0 _aJosemaría Escrivá de Balaguer,
_d1902-1975
_eautor
_9146
_cSanto,
245 1 3 _aEl tesoro del tiempo
_c/ Josemaría Escrivá de Balaguer.
264 1 _aCaracas, Venezuela :
_bCentro de Información Profesional A.C.,
_c[1973].
300 _a26 páginas.
336 _atexto
_btxt
_2rdacontenido
337 _ano mediado
_bn
_2rdamedio
338 _avolumen
_bnc
_2rdasoporte
490 0 _aCuadernos de orientación doctrinal
_v16
505 0 _aDesde la primera hora. -- Rendir para Dios. -- Al pie de la viña. -- La higuera estéril. -- En las cosas del Padre.
650 1 0 _9143
_aVIDA CRISTIANA
942 1 _2lcc
_n0
_cFOL
999 _c13340
_d13340